000
00218 a2200097 4500
001
58234
100
_a
245
_a
Wordstar instant refenrence
260
_a
New Delhi
_b
Bpb pub
_c
1989
090
_c
35731
_d
35731
942
_a
NUST-CAE
_c
MONOGRAPH
_c
28593
999
_c
293307
_d
293307